000 00422nam a2200169Ia 4500
008 180921t2017 xxu||||| |||| 00| 1 sin d
041 _asin
080 _aX8C31
_bKOD
100 _aKodikara, Chandi
245 _aආදරය මේ වගේ
246 _aAdaraya Me Wage
260 _bRathsara Poth
_aGampaha
_c2017
300 _a176p., 18cm
942 _cBK
999 _c7147
_d7147
003 LK-CoDNM
040 _aLK-CoDNM
_dLK-CoDNM
_eLK-CoDNM